| 000 | 00342nam a22001457a 4500 | ||
|---|---|---|---|
| 999 |
_c54928 _d54928 |
||
| 008 | 190925b ||||| |||| 00| 0 eng d | ||
| 020 | _a9780073373928 | ||
| 041 | _aeng | ||
| 080 |
_2615.82 _a615.82 |
||
| 082 | _a615.82 | ||
| 100 | _a8 | ||
| 101 | _aEGZ | ||
| 245 |
_aStructural Balancing a clinical approach _cWright,K |
||
| 942 |
_2udc _cBK |
||